Zdobywcy Pucharu Świata w Skokach Narciarskich - Statystyki

Ogólne statystyki
  • Ten quiz został rozwiązany 941 razy
    863 od ostatniego zresetowania
  • Średni wynik to 27 z 43
Statystyki odpowiedzi
Lp. Sezon Imię i nazwisko % Poprawnych
35 2013/2014 Kamil Stoch
98%
39 2017/2018 Kamil Stoch
98%
22 2000/2001 Adam Małysz
97%
23 2001/2002 Adam Małysz
97%
24 2002/2003 Adam Małysz
97%
28 2006/2007 Adam Małysz
97%
38 2016/2017 Stefan Kraft
95%
41 2019/2020 Stefan Kraft
95%
40 2018/2019 Ryoyu Kobayashi
92%
43 2021/2022 Ryoyu Kobayashi
92%
37 2015/2016 Peter Prevc
91%
42 2020/2021 Halvor Egner Granerud
89%
25 2003/2004 Janne Ahonen
85%
26 2004/2005 Janne Ahonen
85%
36 2014/2015 Severin Freund
76%
30 2008/2009 Gregor Schlierenzauer
71%
34 2012/2013 Gregor Schlierenzauer
71%
31 2009/2010 Simon Ammann
71%
4 1982/1983 Matti Nykanen
67%
6 1984/1985 Matti Nykanen
67%
7 1985/1986 Matti Nykanen
67%
9 1987/1988 Matti Nykanen
67%
29 2007/2008 Thomas Morgenstern
65%
32 2010/2011 Thomas Morgenstern
65%
33 2011/2012 Anders Bardal
60%
20 1998/1999 Martin Schmitt
60%
21 1999/2000 Martin Schmitt
60%
27 2005/2006 Jakub Janda
58%
14 1992/1993 Andreas Goldberger
46%
16 1994/1995 Andreas Goldberger
46%
17 1995/1996 Andreas Goldberger
46%
18 1996/1997 Primoz Peterka
46%
19 1997/1998 Primoz Peterka
46%
5 1983/1984 Jens Weissflog
40%
13 1991/1992 Toni Nieminen
26%
15 1993/1994 Espen Bredesen
25%
12 1990/1991 Andreas Felder
24%
1 1979/1980 Hubert Neuper
24%
2 1980/1981 Armin Kogler
23%
3 1981/1982 Armin Kogler
23%
11 1989/1990 Ari-Pekka Nikkola
22%
10 1988/1989 Jan Boklov
21%
8 1986/1987 Vegard Opaas
12%
Nie znaleziono quizów pasujących do podanych kryteriów
Rozkład punktacji
Procent ludzi z każdym wynikiem
Percentyl według liczby udzielonych odpowiedzi
Twoja historia wyników
Nie rozwiązałeś tego quizu od ostatniego zresetowania